Legends from the british isles /
Guardado en:
| Formato: | Libro |
|---|---|
| Idioma: | Undetermined |
| Publicado: |
2015.
|
| Materias: | |
| Etiquetas: |
Agregar Etiqueta
Sin Etiquetas, Sea el primero en etiquetar este registro!
|
| LEADER | 00384nam a22001455a 4500 | ||
|---|---|---|---|
| 001 | CEM.cems018822 | ||
| 008 | 211018s2015####xx############000#0#und#d | ||
| 005 | 20211018171144.0 | ||
| 003 | CEMS | ||
| 245 | 1 | 0 | |a Legends from the british isles / |c Deborah Meyers. |
| 260 | |c 2015. | ||
| 500 | |a Incluye CD. | ||
| 653 | |a Texto Inglés | ||
| 653 | |a Caja Inglés 2 | ||
| 859 | |a CEMS |b BIB. CEMS - 11 de abril |p SSR-162 | ||
